Wszyscy zwyciężcy ligi mistrzów - Statystyki

Ogólne statystyki
  • Ten quiz został rozwiązany 149 razy
    144 od ostatniego zresetowania
  • Średni wynik to 10 z 13
Statystyki odpowiedzi
Hint Odpowiedź % Poprawnych
2006, 2009, 2011, 2015 FC Barcelona
99%
1998, 2000, 2002, 2014, 2016, 20172018, 2022 Real Madryt
99%
1994, 2003, 2007 AC Milan
92%
2001, 2013, 2020 Bayern Monachium
92%
2005, 2019 Liverpool
89%
2012, 2021 Chelsea
87%
2010 Inter Mediolan
82%
1999, 2008 Manchester United
82%
2004 FC Porto
68%
1996 Juventus
68%
1997 Borussia Dortmund
61%
1995 Ajax Amsterdam
55%
1993 Olimpique Marsylia
36%
Nie znaleziono quizów pasujących do podanych kryteriów
Rozkład punktacji
Procent ludzi z każdym wynikiem
Percentyl według liczby udzielonych odpowiedzi
Twoja historia wyników
Nie rozwiązałeś tego quizu od ostatniego zresetowania